İstanbulspor Squad 2023-2024 - Statistics

General Stats
  • This quiz has been taken 9 times
    6 since last reset
  • The average score is 8 of 38
Answer Stats
# Position Nation Player % Correct
18 FW Senegal Alassane Ndao
50%
15 FW Turkey Berkay Tekke
50%
1 GK Denmark David Jensen
50%
- Coach Turkey Fatih Tekke
50%
34 MF Kosovo Florian Loshaj
50%
27 FW North Macedonia Valon Ethemi
50%
66 DF Turkey Ali Yaşar
33%
59 GK Turkey Alp Arda
33%
10 MF Albania Eduart Rroca
33%
19 FW Turkey Emir Kaan Gültekin
33%
9 FW Turkey İbrahim Yılmaz
33%
4 DF Turkey Mehmet Yeşil
33%
24 MF Turkey Muammer Sarıkaya
33%
23 DF Turkey Okan Erdoğan
33%
13 DF Senegal Racine Coly
33%
14 DF Ivory Coast Simon Deli
33%
28 DF Turkey Bartu Kırtaş
17%
7 FW Gabon David Sambissa
17%
21 DF England Demeaco Duhaney
17%
97 FW Turkey Eren Arda Şan
17%
5 MF Turkey Eslem Öztürk
17%
16 MF DR Congo Giannelli Imbula
17%
- Coach Switzerland Hakan Yakin
17%
6 MF Lithuania Modestas Vorobjovas
17%
26 GK Turkey Mücahit Serbest
17%
1 GK Turkey Murat Eser
17%
- Coach Turkey Olcay Demir
17%
88 FW Ivory Coast Djakaridja Junior Traoré
0%
9 FW Turkey Emrehan Gedikli
0%
17 MF Turkey Enver Sarıalioğlu
0%
52 FW Turkey İzzet Topatar
0%
99 FW Brazil Jackson
0%
11 FW Turkey Kubilay Köylü
0%
12 FW Senegal Mendy Mamadou
0%
- Coach Turkey Osman Zeki Korkmaz
0%
20 FW Turkey Özcan Şahan
0%
41 MF Turkey Tunahan Şamdanlı
0%
8 MF Turkey Vefa Temel
0%
No matching quizzes found
Score Distribution
Percent of People with Each Score
Percentile by Number Answered
Your Score History
You have not taken this quiz since the last reset